000 00314nam a2200133 i 4500
001 bg
100 1 _aKOZAKIEWICZ, M.
245 0 _aMałżeństwo niemal doskonałe /
_cM. Kozakiewicz.
260 _aWarszawa,
_c1973.
040 _cBPK
041 _apol
942 _cKS
008 s pl f |000 0 pol
999 _c21360
_d21360
856 _uhttp://koha.tu.koszalin.pl/cgi-bin/koha/opac-detail.pl?biblionumber=21360
_yKatalog online BPK